Réussir sa thèse en sciences sociales (notice n° 1568796)

détails MARC
000 -LEADER
fixed length control field 00919cam a2200133 4500500
005 - DATE AND TIME OF LATEST TRANSACTION
control field 20251214005342.0
041 ## - LANGUAGE CODE
Language code of text/sound track or separate title fre
042 ## - AUTHENTICATION CODE
Authentication code dc
100 10 - MAIN ENTRY--PERSONAL NAME
Personal name Herzlich, Claudine
Relator term author
245 00 - TITLE STATEMENT
Title Réussir sa thèse en sciences sociales
260 ## - PUBLICATION, DISTRIBUTION, ETC.
Name of publisher, distributor, etc. Armand Colin,<br/>
Date of publication, distribution, etc. 2005.<br/>
520 ## - SUMMARY, ETC.
Summary, etc. Choisir son sujet et son directeur de thèse, s'organiser matériellement et financièrement, mener à bien son enquête, rédiger sa thèse en évitant les « blocages » possibles, préparer sa soutenance ; telles sont quelques-unes des étapes que ce livre, par ses multiples conseils, vous aidera à franchir. Il vous sera également utile pour comprendre les points de vues d'expérience de votre directeur, les avis de vos proches et des autres thésards que vous serez amené à rencontrer.
856 41 - ELECTRONIC LOCATION AND ACCESS
Uniform Resource Identifier <a href="https://shs.cairn.info/reussir-sa-these-en-sciences-sociales--9782200342395?lang=fr&redirect-ssocas=7080">https://shs.cairn.info/reussir-sa-these-en-sciences-sociales--9782200342395?lang=fr&redirect-ssocas=7080</a>

Pas d'exemplaire disponible.

PLUDOC

PLUDOC est la plateforme unique et centralisée de gestion des bibliothèques physiques et numériques de Guinée administré par le CEDUST. Elle est la plus grande base de données de ressources documentaires pour les Étudiants, Enseignants chercheurs et Chercheurs de Guinée.

Adresse

627 919 101/664 919 101

25 boulevard du commerce
Kaloum, Conakry, Guinée

Réseaux sociaux

Powered by Netsen Group @ 2025